| 000 -LEADER |
| fixed length control field |
01718cam a22002655i 4500 |
| 001 - CONTROL NUMBER |
| control field |
19462688 |
| 005 - DATE AND TIME OF LATEST TRANSACTION |
| control field |
20221219143932.0 |
| 008 - FIXED-LENGTH DATA ELEMENTS--GENERAL INFORMATION |
| fixed length control field |
170125s2016 ii 000 0 eng |
| 010 ## - LIBRARY OF CONGRESS CONTROL NUMBER |
| LC control number |
2016334651 |
| 025 ## - OVERSEAS ACQUISITION NUMBER |
| Overseas acquisition number |
I-E-2016334651 |
| 037 ## - SOURCE OF ACQUISITION |
| Source of stock number/acquisition |
Library of Congress -- New Delhi Overseas Office |
| 040 ## - CATALOGING SOURCE |
| Original cataloging agency |
DLC |
| Language of cataloging |
eng |
| Description conventions |
rda |
| Transcribing agency |
DLC |
| 042 ## - AUTHENTICATION CODE |
| Authentication code |
lcode |
| 082 ## - DEWEY DECIMAL CLASSIFICATION NUMBER |
| Classification number |
303.6250095,KIE |
| 245 00 - TITLE STATEMENT |
| Title |
Faith, unity, discipline : |
| Remainder of title |
the Inter-Service-Intelligence (ISI) of Pakistan / |
| Statement of responsibility, etc. |
Hein G. Kiessling. |
| 264 #1 - PRODUCTION, PUBLICATION, DISTRIBUTION, MANUFACTURE, AND COPYRIGHT NOTICE |
| Place of production, publication, distribution, manufacture |
Noida, Uttar Pradesh : |
| Name of producer, publisher, distributor, manufacturer |
HarperCollins Publishers India, |
| Date of production, publication, distribution, manufacture, or copyright notice |
2016. |
| 300 ## - PHYSICAL DESCRIPTION |
| Extent |
ix, 309 pages |
| 336 ## - CONTENT TYPE |
| Content type term |
text |
| Content type code |
txt |
| Source |
rdacontent |
| 337 ## - MEDIA TYPE |
| Media type term |
unmediated |
| Media type code |
n |
| Source |
rdamedia |
| 338 ## - CARRIER TYPE |
| Carrier type term |
volume |
| Carrier type code |
nc |
| Source |
rdacarrier |
| 505 ## - FORMATTED CONTENTS NOTE |
| Formatted contents note |
The First Decade (Page-13), The Era of the First Generals 19581971 (Page-19), Zulfikar Ali Bhutto 19711977 (Page-31), An Interim Balance Sheet of Thirty Years 19481977 (Page-43), The ISI Under ZiaulHaq 19771988 (Page-47), Turbulence at the End of the 1980s (Page-61), Domestic Politics 19881991 (Page-71), The ISI and Nawaz Sharif 19901993 (Page-91), History Repeats Itself (Page-115), Foreign Policy and the ISI (Page-135), Nawaz Sharif Second Time Around 19971999 (Page-139), Afghanistan in the 1990s (Page-147), Insurgency in Punjab (Page-153), The ISI in NorthEast India (Page-161), Structure Personnel Budget (Page-167), The ISI Under Pervez Musharraf (Page-177), Kashmir (Page-191), Turbulent Times 20072010 (Page-197), Reform Attempts (Page-209), Clouds on the Horizon (Page-219), Quo Vadis ISI? (Page-231), Postscript (Page-239). |
| 906 ## - LOCAL DATA ELEMENT F, LDF (RLIN) |
| a |
7 |
| b |
par |
| c |
origode |
| d |
3 |
| e |
ncip |
| f |
20 |
| g |
y-gencatlg |
| 942 ## - ADDED ENTRY ELEMENTS (KOHA) |
| Source of classification or shelving scheme |
|
| Koha item type |
Book |
| Call number prefix |
303.6250095,KIE |